000 00528nam a2200217 a 4500
001 0001-2126
003 ELIB.Books
008 190724 2010 eng
020 _a0609801775
092 _a783
_bBr
100 _aBruser, Madeline.
245 _aThe Art of Practicing
260 _aNew York
_bBell Tower
_c1997
300 _a272
_c21cm
650 _aMusic
856 _nKBTS Library
_uKBTS Elib
942 _2ddc
_cBK
990 _a1
998 _aEnglishbooks.elf
_ccat
_e2019-07-24
999 _c12126
_d12126